| 000 | 00863nam a2200241 a 4500 | ||
|---|---|---|---|
| 005 | 20230331112940.0 | ||
| 008 | 070816s2002 mx r 000 0 spa d | ||
| 020 | _a848307527X | ||
| 035 | _aUPN01000150944 | ||
| 040 |
_aUPN _bspa _cUPN |
||
| 049 | _aCG | ||
| 050 | 4 |
_aHM479 H3.2 _bH3.3 |
|
| 100 | 1 |
_aHabermas, Jürgen, _d1929- _928383 |
|
| 245 | 1 | 0 |
_aEnsayos políticos / _cJürgen Habermas ; tr. Ramón Garcia Cotarelo. |
| 260 |
_aBarcelona, Esp. : _bPenínsula, _c2002. |
||
| 300 | _a399 p. | ||
| 440 | 0 |
_aEdiciones de bolsillo ; _v60-1 |
|
| 500 | _a"Jürgen Habermas, premio de la paz de los libreros alemanes 2001" | ||
| 534 |
_pTítulo original: _tDie neue unübersichtlichkeit : kleine politische schriften V y kleine politissche schriften I-IV |
||
| 600 | 1 | 2 |
_aHabermas, Jürgen, _d1929- _vEntrevistas _97774 |
| 905 | _aLibro | ||
| 942 |
_2lcc _cLIBRO |
||
| 999 |
_c123084 _d123084 |
||